[Event "Championnat de France - Open B"]
[Site "Pau"]
[Date "2008.08.23"]
[Round "11.10"]
[White "Mestdagh, Franck"]
[Black "Cruz, Jean"]
[Result "0-1"]
[WhiteElo "1957"]
[BlackElo "1864"]
[PlyCount "96"]

1. d4 d5 2. Nf3 Nf6 3. g3 e6 4. Bg2 c5 5. O-O Nc6 6. c4 cxd4 7. Nxd4 Qb6 8.
Nxc6 bxc6 9. Nc3 Be7 10. e4 dxc4 11. Qe2 Ba6 12. Rd1 O-O 13. Bg5 Rad8 14. e5
Rxd1+ 15. Rxd1 Nd5 16. Nxd5 cxd5 17. Bxe7 Rb8 18. Qg4 Qxb2 19. Bf6 g6 20. Qf4
Qb4 21. Qe3 Rc8 22. h4 c3 23. h5 c2 24. Rc1 d4 25. Qh6 Qf8 26. Qd2 d3 27. Be4
Qa3 28. hxg6 hxg6 29. Qh6 Qxc1+ 30. Qxc1 d2 31. Qxd2 c1=Q+ 32. Qxc1 Rxc1+ 33.
Kg2 Ra1 34. Kh3 Rxa2 35. f4 Bf1+ 36. Kh4 Rh2+ 37. Kg5 Rh5+ 38. Kg4 Be2+ 39. Bf3
Bxf3+ 40. Kxf3 Kf8 41. Bh4 Ke8 42. Ke4 Kd7 43. Kd4 Rh8 44. Kc5 Rb8 45. g4 a6
46. Be1 Rb5+ 47. Kc4 Kc6 48. Bb4 Rxb4+ 0-1